000 00455nam a2200157 i 4500
001 149623
003 ES-MaACL
005 20230906203200.0
007 t|
008 071023s1973 sp ||||1| spa d
100 1 _aVasconez Hurtado, Gustavo.
_9113271
245 1 3 _aLa isla de los gatos negros
_b: Galápagos /
_cGustavo Vasconez Hurtado.
260 _aMadrid :
_bEspejo,
_c1973.
300 _a295 p. ;
_c18 cm.
852 _aES-MaACL
_jC-54454
_bR.87230
999 _c149623
_d149623